| 000 | 00385nam a22001457a 4500 | ||
|---|---|---|---|
| 020 | _a416-16810-8 | ||
| 082 |
_a711.43 _bMER _cL-14, P-97 |
||
| 100 |
_aMerlin, pierre _945662 |
||
| 245 |
_aNew Towns _cMerlin, pierre |
||
| 260 |
_aUSA, _bMethuen & co limtied, |
||
| 300 |
_a276p.: _bill,; _c25 cm. |
||
| 526 |
_a0 _b0 _c0 _d711_430000000000000_MER |
||
| 650 |
_aMCE _9379 |
||
| 942 |
_2ddc _cBK |
||
| 999 |
_c549137 _d549137 |
||